Economy of the conflict region in Sri Lanka : (Record no. 4837)

MARC details
000 -LEADER
fixed length control field 01093nam a2200277 4500
003 - CONTROL NUMBER IDENTIFIER
control field LK-CoMWRAF
005 - DATE AND TIME OF LATEST TRANSACTION
control field 20240229145936.0
008 - FIXED-LENGTH DATA ELEMENTS--GENERAL INFORMATION
fixed length control field 240229b2007 |||||||| |||| 00| 0 eng d
020 ## - INTERNATIONAL STANDARD BOOK NUMBER
International Standard Book Number 9781932728729
040 ## - CATALOGING SOURCE
Original cataloging agency LK-CoMWRAF
Modifying agency LK-CoMWRAF
Description conventions LK-CoMWRAF
041 ## - LANGUAGE CODE
Language code of text/sound track or separate title English
082 ## - DEWEY DECIMAL CLASSIFICATION NUMBER
Classification number 330.954
Item number SAR
942 ## - ADDED ENTRY ELEMENTS (KOHA)
Koha item type Books
100 ## - MAIN ENTRY--PERSONAL NAME
Personal name Sarvananthan, Muttukrishna
245 ## - TITLE STATEMENT
Title Economy of the conflict region in Sri Lanka :
Remainder of title from embargo to repression
260 ## - PUBLICATION, DISTRIBUTION, ETC. (IMPRINT)
Place of publication, distribution, etc. Washington, DC :
Name of publisher, distributor, etc. East-West Center Washington,
Date of publication, distribution, etc. 2007
300 ## - PHYSICAL DESCRIPTION
Extent xi, 87, [2] p. : map ; 24 cm.
490 ## - SERIES STATEMENT
Series statement Policy studies
Volume/sequential designation 44
520 ## - SUMMARY, ETC.
Summary, etc. With reference to North and East provinces of Sri Lanka
856 ## - ELECTRONIC LOCATION AND ACCESS
Uniform Resource Identifier <a href="https://scholarspace.manoa.hawaii.edu/server/api/core/bitstreams/190a5216-7f75-4e38-84df-b263507fcdee/content">https://scholarspace.manoa.hawaii.edu/server/api/core/bitstreams/190a5216-7f75-4e38-84df-b263507fcdee/content</a>
650 ## - SUBJECT ADDED ENTRY--TOPICAL TERM
Topical term or geographic name as entry element Embargo--Sri Lanka
650 ## - SUBJECT ADDED ENTRY--TOPICAL TERM
Topical term or geographic name as entry element Sri Lanka--History--Civil War-Economic aspects
650 ## - SUBJECT ADDED ENTRY--TOPICAL TERM
Topical term or geographic name as entry element Northern Province (Sri Lanka)--Economic conditions
650 ## - SUBJECT ADDED ENTRY--TOPICAL TERM
Topical term or geographic name as entry element Eastern Province (Sri Lanka)--Economic conditions.
650 ## - SUBJECT ADDED ENTRY--TOPICAL TERM
Topical term or geographic name as entry element Economic conditions--Regional disparities-Sri Lanka-
Holdings
Withdrawn status Lost status Damaged status Not for loan Permanent Location Current Location Date acquired Full call number Barcode Koha item type
        Resource center, Muslim Women's Research And Action Forum Resource center, Muslim Women's Research And Action Forum 2024-02-29 330.954 SAR RAF5157 Books

Copyright © 2023 Muslim Women's Research and Action Forum (MWRAF), No 27/3, Anderson Road, Kalubowila, Dehiwela. Funded by The Asia Fundation